|
|
|
|
| LEADER |
01759nam a22004335i 4500 |
| 001 |
978-0-387-78632-2 |
| 003 |
DE-He213 |
| 005 |
20150215071857.0 |
| 007 |
cr nn 008mamaa |
| 008 |
100301s2008 xxu| s |||| 0|eng d |
| 020 |
|
|
|a 9780387786322
|9 978-0-387-78632-2
|
| 024 |
7 |
|
|a 10.1007/978-0-387-78632-2
|2 doi
|
| 040 |
|
|
|d GrThAP
|
| 050 |
|
4 |
|a QH345
|
| 050 |
|
4 |
|a QD415-436
|
| 072 |
|
7 |
|a PSB
|2 bicssc
|
| 072 |
|
7 |
|a SCI007000
|2 bisacsh
|
| 082 |
0 |
4 |
|a 572
|2 23
|
| 100 |
1 |
|
|a Ruhrberg, Christiana.
|e author.
|
| 245 |
1 |
0 |
|a VEGF in Development
|h [electronic resource] /
|c by Christiana Ruhrberg.
|
| 264 |
|
1 |
|a New York, NY :
|b Springer New York,
|c 2008.
|
| 300 |
|
|
|b online resource.
|
| 336 |
|
|
|a text
|b txt
|2 rdacontent
|
| 337 |
|
|
|a computer
|b c
|2 rdamedia
|
| 338 |
|
|
|a online resource
|b cr
|2 rdacarrier
|
| 347 |
|
|
|a text file
|b PDF
|2 rda
|
| 490 |
1 |
|
|a Molecular Biology Intelligence Unit
|
| 505 |
0 |
|
|a The Biology of Vascular Endothelial Cell Growth Factor Isoforms -- VEGF Receptor Signalling in Vertebrate Development -- VEGF Gene Regulation -- Embryonic Vasculogenesis and Hematopoietic Specification -- Role of VEGF in Organogenesis -- VEGF and Endothelial Guidance in Angiogenic Sprouting -- Vascular and Nonvascular Roles of VEGF in Bone Development -- VEGF in the Nervous System.
|
| 650 |
|
0 |
|a Life sciences.
|
| 650 |
|
0 |
|a Biochemistry.
|
| 650 |
1 |
4 |
|a Life Sciences.
|
| 650 |
2 |
4 |
|a Biochemistry, general.
|
| 710 |
2 |
|
|a SpringerLink (Online service)
|
| 773 |
0 |
|
|t Springer eBooks
|
| 776 |
0 |
8 |
|i Printed edition:
|z 9780387786315
|
| 830 |
|
0 |
|a Molecular Biology Intelligence Unit
|
| 856 |
4 |
0 |
|u http://dx.doi.org/10.1007/978-0-387-78632-2
|z Full Text via HEAL-Link
|
| 912 |
|
|
|a ZDB-2-SBL
|
| 950 |
|
|
|a Biomedical and Life Sciences (Springer-11642)
|